Sapo y Sepo todo el año / (Record no. 129721)

MARC details
000 -CABECERA
campo de control de longitud fija 00585nam a2200193 u 4500
005 - FECHA Y HORA DE LA ÚLTIMA TRANSACCIÓN
campo de control 20240412063640.0
008 - ELEMENTOS DE LONGITUD FIJA--INFORMACIÓN GENERAL
campo de control de longitud fija 080625s2001 r 000 0 eng d
020 ## - NÚMERO INTERNACIONAL NORMALIZADO PARA LIBROS
Número Internacional Estándar del Libro 0439333288
035 ## - NÚMERO DE CONTROL DEL SISTEMA
Número de control de sistema UPN01000157607
049 ## - COLECCIÓN
Colección I
050 #4 - SIGNATURA TOPOGRÁFICA DE LA BIBLIOTECA DEL CONGRESO
Número de clasificación PZ76.3
Número de documento/Ítem L6.7
100 1# - ASIENTO PRINCIPAL--NOMBRE PERSONAL
Nombre de persona Lobel, Arnold,
Fechas asociadas al nombre 1933-1987
9 (RLIN) 34039
245 10 - MENCIÓN DE TÍTULO
Título Sapo y Sepo todo el año /
Mención de responsabilidad, etc. Arnold Lobel ; tr. Nuria Molinero.
260 ## - PUBLICACIÓN, DISTRIBUCIÓN, ETC.
Lugar de publicación, distribución, etc. New York :
Nombre del editor, distribuidor, etc. Scholastic,
Fecha de publicación, distribución, etc. c2001.
300 ## - DESCRIPCIÓN FÍSICA
Extensión 64 p. :
Otras características físicas principalmente il. col.
650 #4 - ASIENTO SECUNDARIO DE MATERIA - TERMINO TEMATICO
Término de materia o nombre geográfico como elemento de entrada Sapos
Subdivisión de forma Cuentos y leyendas
9 (RLIN) 12202
650 #4 - ASIENTO SECUNDARIO DE MATERIA - TERMINO TEMATICO
Término de materia o nombre geográfico como elemento de entrada Cuentos infantiles
9 (RLIN) 6744
905 ## - TIPO DE MATERIAL
Tipo de material Infantil
Holdings
Estado de retiro Estado de pérdida Fuente del sistema de clasificación o colocación Estado dañado No para préstamo Código de colección Localización permanente Ubicación/localización actual Ubicación en estantería Fecha de adquisición Total de préstamos Renovaciones totales Clasificación Código de barras Fecha visto por última vez Fecha del último préstamo Número de copia Tipo de ítem Koha
    Library of Congress Classification     Infantil Bib. Gregorio Torres Quintero Bib. Gregorio Torres Quintero Sala infantil Planta baja 09/02/2023 2 2 PZ76.3 L6.7 259383 22/02/2023 09/02/2023 1 Libro